THE LEVEL, STRUCTURE, AND DETERMINANTS OF THE INTRA-INDUSTRY TRADE: AN ANALYSIS OF FINAL AND INTERMEDIATE GOODS/ (Record no. 615301)

000 -LEADER
fixed length control field 00556nam a22001577a 4500
003 - CONTROL NUMBER IDENTIFIER
control field NUST
038 ## - RECORD CONTENT LICENSOR
Staff Name Nusrat Nadeem
082 ## - DEWEY DECIMAL CLASSIFICATION NUMBER
Classification number 200
100 ## - MAIN ENTRY--PERSONAL NAME
Personal name Khan, Muhammad Dawood
245 ## - TITLE STATEMENT
Title THE LEVEL, STRUCTURE, AND DETERMINANTS OF THE INTRA-INDUSTRY TRADE: AN ANALYSIS OF FINAL AND INTERMEDIATE GOODS/
Statement of responsibility, etc. Muhammad Dawood Khan,
264 ## - PRODUCTION, PUBLICATION, DISTRIBUTION, MANUFACTURE, AND COPYRIGHT NOTICE
Place of production, publication, distribution, manufacture Islamabad:
Name of producer, publisher, distributor, manufacturer S3H NUST.
Date of production, publication, distribution, manufacture, or copyright notice 2025.
650 ## - SUBJECT ADDED ENTRY--TOPICAL TERM
Topical term or geographic name entry element MS- Economics
700 ## - ADDED ENTRY--PERSONAL NAME
Personal name Supervisor: Dr. Zafar Mahmood
856 ## - ELECTRONIC LOCATION AND ACCESS
Uniform Resource Identifier <a href="http://10.250.8.41:8080/xmlui/handle/123456789/55850">http://10.250.8.41:8080/xmlui/handle/123456789/55850</a>
942 ## - ADDED ENTRY ELEMENTS (KOHA)
Source of classification or shelving scheme
Koha item type Soft Copy

No items available.

© 2023 Central Library, National University of Sciences and Technology. All Rights Reserved.